Normal view
MARC view
- B.SMurty,J.W.Yeh
Entry Personal Name
001 - CONTROL NUMBER
- control field: 122447
003 - CONTROL NUMBER IDENTIFIER
- control field: NUST
005 - DATE AND TIME OF LATEST TRANSACTION
- control field: 20240423162401.0
008 - FIXED-LENGTH DATA ELEMENTS
- fixed length control field: 240423|| aca||aabn | a|a d
040 ## - CATALOGING SOURCE
- Original cataloging agency: NUST
- Transcribing agency: NUST
100 ## - HEADING--PERSONAL NAME
- Personal name: B.SMurty,J.W.Yeh
670 ## - SOURCE DATA FOUND
- Source citation: Work cat.: (NUST): B.SMurty,J.W.Yeh, High-Entropy Alloys, 2019
